Welcome to the Holygrace Academy Library

Please use search bar below to get started

DEAR TEACHER (Record no. 5372)

MARC details
000 -LEADER
fixed length control field 00283nam a22001217a 4500
082 ## - DEWEY DECIMAL CLASSIFICATION NUMBER
Classification number 158
Item number SEB/D
100 ## - MAIN ENTRY--AUTHOR NAME
Personal name SEBASTIAN,B.O
245 ## - TITLE STATEMENT
Title DEAR TEACHER
260 ## - PUBLICATION, DISTRIBUTION, ETC. (IMPRINT)
Place of publication THRISSUR
Name of publisher SEBASTIAN BHARANIKULANGARA
300 ## - PHYSICAL DESCRIPTION
Number of Pages 111
650 ## - SUBJECT ADDED ENTRY--TOPICAL TERM
Topical Term PERSONALITY DEVELOPMENT
Geographic subdivision THRISSUR
942 ## - ADDED ENTRY ELEMENTS (KOHA)
Koha item type Books
Holdings
Withdrawn status Lost status Collection code Home library Current library Shelving location Date acquired Full call number Accession Number Koha item type
    Reference Main Library Main Library SHELF-17H-PERSONALITY DEVELOPMENT BOOKS 20/10/2023 158 SEB/D 01159 Books